[Event "CCM10 - GRENKE Rapid WCh"]
[Site "Mainz"]
[Date "2010.08.08"]
[Round "9"]
[White "Bologan, V."]
[Black "Schneider, Il"]
[Result "1-0"]
[WhiteElo "2695"]
[BlackElo "2515"]
[PlyCount "55"]
[EventDate "2010.08.07"]
[EventCountry "GER"]

1. e4 Nc6 2. Nf3 f5 3. exf5 d5 4. d4 Bxf5 5. Bb5 e6 6. Ne5 Nge7 7. Qh5+ g6 8.
Qe2 Bg7 9. Bxc6+ Nxc6 10. Nxc6 bxc6 11. g4 Be4 12. f3 Qh4+ 13. Kd1 O-O 14. fxe4
Bxd4 15. h3 Qg3 16. Nd2 Rf2 17. Qd3 Qg2 18. Re1 c5 19. c3 Bf6 20. exd5 exd5 21.
Rf1 Re8 22. Rxf2 Qxf2 23. Qxd5+ Kg7 24. g5 Qg1+ 25. Kc2 Bxg5 26. Nb3 Rd8 27.
Qe5+ Bf6 28. Qe2 1-0

[Event "CCM10 - GRENKE Rapid WCh"]
[Site "Mainz"]
[Date "2010.08.08"]
[Round "9"]
[White "Buhmann, R."]
[Black "Grischuk, A."]
[Result "0-1"]
[WhiteElo "2573"]
[BlackElo "2760"]
[PlyCount "166"]
[EventDate "2010.08.07"]
[EventCountry "GER"]

1. Nf3 d5 2. d4 Nf6 3. c4 e6 4. g3 Bb4+ 5. Bd2 Be7 6. Bg2 c6 7. Qc2 O-O 8. O-O
b6 9. Rd1 Ba6 10. b3 Nbd7 11. a4 c5 12. Na3 Bb7 13. Bc3 Rc8 14. e3 Qc7 15. dxc5
bxc5 16. Rac1 Qb8 17. Bb2 Rfd8 18. cxd5 exd5 19. Nh4 Bf8 20. Bh3 d4 21. Bg2
Bxg2 22. Kxg2 Qb7+ 23. Kg1 Ne5 24. Nc4 Nxc4 25. Qxc4 Ne4 26. Qb5 Qxb5 27. axb5
dxe3 28. fxe3 Rb8 29. Be5 Rxd1+ 30. Rxd1 Rxb5 31. Rd8 c4 32. Bb2 Rxb3 33. Nf5
f6 34. Bd4 Kf7 35. Ra8 g6 36. Nh4 Bc5 37. Bxc5 Nxc5 38. Rc8 Rb5 39. Nf3 c3 40.
Nd4 Rb1+ 41. Kg2 Ne4 42. Rc7+ Ke8 43. Kf3 Ng5+ 44. Ke2 a5 45. Rxc3 Rb2+ 46. Kd3
Rxh2 47. Ra3 Rg2 48. Rxa5 Rxg3 49. Ra7 f5 50. Ne2 Rf3 51. Nf4 Rf1 52. Kd4 Rd1+
53. Ke5 Rd7 54. Rxd7 Kxd7 55. Kf6 Ne4+ 56. Kg7 g5 57. Ne2 Ke6 58. Kxh7 Kf6 59.
Kh6 Nd6 60. Ng3 g4 61. Kh5 Ke5 62. Kh4 Ne4 63. Ne2 Nd2 64. Ng3 Ne4 65. Ne2 Kf6
66. Nf4 Nd2 67. Ne2 Ke5 68. Ng3 Ne4 69. Ne2 Nc5 70. Ng3 Kf6 71. Nh5+ Kg6 72.
Nf4+ Kh6 73. Nd5 Kg6 74. Nf4+ Kf6 75. Nh5+ Ke6 76. Kg5 Ke5 77. Kh4 Ne4 78. Nf4
Nf6 79. Ne2 Nd5 80. e4 Kxe4 81. Ng3+ Kf4 82. Nh5+ Kf3 83. Kg5 f4 0-1

[Event "CCM10 - GRENKE Rapid WCh"]
[Site "Mainz"]
[Date "2010.08.08"]
[Round "9"]
[White "Fridman, D2."]
[Black "Gashimov, V."]
[Result "0-1"]
[WhiteElo "2645"]
[BlackElo "2719"]
[PlyCount "118"]
[EventDate "2010.08.07"]
[EventCountry "GER"]

1. d4 Nf6 2. Bg5 Ne4 3. Bf4 c5 4. f3 Nf6 5. dxc5 b6 6. Nc3 bxc5 7. e4 Nc6 8.
Qd2 e5 9. Bg5 Be7 10. Bb5 Nd4 11. Bc4 Rb8 12. b3 h6 13. Be3 d6 14. Nge2 Be6 15.
Bxe6 fxe6 16. O-O O-O 17. Ng3 Qe8 18. Na4 g5 19. Nb2 Qg6 20. Nc4 Kh7 21. Rad1
Rf7 22. Rf2 Rg8 23. c3 Nc6 24. b4 g4 25. b5 Nb8 26. Qe2 h5 27. fxg4 h4 28. Nf1
Nxe4 29. Rxf7+ Qxf7 30. Qc2 Qg6 31. Nfd2 Nf6 32. Qxg6+ Kxg6 33. h3 Nbd7 34. Nf3
Nd5 35. Bf2 Nxc3 36. Rd3 Ne2+ 37. Kf1 Nd4 38. Bxh4 Kf7 39. Bxe7 Kxe7 40. a4 Nb6
41. Nfd2 e4 42. Rc3 d5 43. Ne5 c4 44. a5 Nxb5 45. Rc1 Nd7 46. Nexc4 dxc4 47.
Rxc4 e3 48. Ne4 Nd6 49. Nxd6 Kxd6 50. Ke2 Rg5 51. Ra4 Re5 52. Ra3 Nf6 53. Rxe3
Rxa5 54. Kf3 Nd5 55. Rd3 e5 56. g5 Ra4 57. Rd2 e4+ 58. Ke2 Ke5 59. g3 Ra3 0-1

[Event "CCM10 - GRENKE Rapid WCh"]
[Site "Mainz"]
[Date "2010.08.08"]
[Round "9"]
[White "Istratescu, A."]
[Black "Gustafsson, J."]
[Result "1/2-1/2"]
[WhiteElo "2620"]
[BlackElo "2643"]
[PlyCount "63"]
[EventDate "2010.08.07"]
[EventCountry "GER"]

1. e4 e5 2. Nf3 Nc6 3. Bb5 a6 4. Ba4 Nf6 5. d3 Bc5 6. Bxc6 dxc6 7. Be3 Bd6 8.
h3 O-O 9. Nbd2 Nd7 10. a4 Re8 11. O-O c5 12. Nc4 Nf8 13. a5 Ng6 14. Nfd2 Be6
15. Qh5 b5 16. axb6 cxb6 17. Nxd6 Qxd6 18. b3 a5 19. Nc4 Qc7 20. Bd2 f6 21. Qf3
Red8 22. Ra3 Qc6 23. Qe2 a4 24. bxa4 Rxa4 25. Rxa4 Qxa4 26. Nxb6 Qxc2 27. Rc1
Qxd3 28. Qxd3 Rxd3 29. Be3 Rb3 30. Na4 c4 31. Nc5 Rb6 32. Nxe6 1/2-1/2

[Event "CCM10 - GRENKE Rapid WCh"]
[Site "Mainz"]
[Date "2010.08.08"]
[Round "9"]
[White "Kasimdzhanov, R."]
[Black "Kamsky, G."]
[Result "0-1"]
[WhiteElo "2699"]
[BlackElo "2713"]
[Annotator "Mike Rosa"]
[PlyCount "140"]
[EventDate "2010.08.07"]
[EventCountry "GER"]

1. e4 e5 2. Nf3 Nc6 3. Bb5 a6 4. Ba4 Nf6 5. O-O Be7 6. d3 b5 7. Bb3 d6 8. a4
Bd7 9. Bd2 O-O 10. h3 h6 11. Re1 b4 12. a5 Rb8 13. Ba4 Re8 14. Be3 Bf8 15. Nbd2
Ne7 16. Bb3 c5 17. c3 Nc6 18. Nc4 Be6 19. Ba4 Qc7 20. Nb6 bxc3 21. bxc3 Red8
22. Bxc6 Qxc6 23. d4 cxd4 24. cxd4 Qxe4 25. d5 Bc8 26. Nxc8 Rbxc8 27. Bb6 Qxd5
28. Bxd8 Rxd8 29. Qe2 Qa8 30. Nd2 Nd7 31. Nc4 Nc5 32. Rab1 e4 33. Nb6 Qc6 34.
Rec1 Qe8 35. Nd5 Qe5 36. Qc4 Be7 37. Rc2 Bg5 38. Re2 Qf5 39. Rf1 h5 40. f3 exf3
41. Rxf3 Qb1+ 42. Rf1 Qd3 43. Ne7+ Kh7 44. Qxf7 Qxe2 45. Qf5+ Kh8 46. Qxg5 Ne6
47. Ng6+ Kg8 48. Ne7+ Kh8 49. Ng6+ Kg8 50. Qf5 Qe3+ 51. Kh1 Qe2 52. Ne7+ Kh8
53. Ng6+ Kg8 54. Rf3 Nd4 55. Qd5+ Qe6 56. Ne7+ Kh7 57. Qxh5+ Qh6 58. Qxh6+ Kxh6
59. Rd3 Nb5 60. Kg1 Kg5 61. Rf3 Nd4 62. Rf7 d5 63. Rxg7+ Kf6 64. Rh7 Ke6 65.
Ng6 Nb3 66. Ra7 Rd6 67. Nf4+ Kf5 68. Nd3 d4 69. Re7 Kf6 {Nach} 70. Re5 $4 {.
Kasimdzhanov gab sogleich auf.} Nc1 $19 {eines Besseren belehrt und gab
sogleich auf.} 0-1

[Event "CCM10 - GRENKE Rapid WCh"]
[Site "Mainz"]
[Date "2010.08.08"]
[Round "9"]
[White "Markowski, T."]
[Black "Kempinski, R."]
[Result "0-1"]
[WhiteElo "2628"]
[BlackElo "2612"]
[PlyCount "46"]
[EventDate "2010.08.07"]
[EventCountry "GER"]

1. c4 Nf6 2. Nf3 g6 3. b3 Bg7 4. Bb2 O-O 5. e3 d6 6. Be2 e5 7. O-O Re8 8. d4 e4
9. Nfd2 h5 10. Nc3 Bf5 11. Qc2 h4 12. Rfd1 Nbd7 13. b4 Nf8 14. a4 N8h7 15. b5
Ng5 16. h3 Qd7 17. a5 Bxh3 18. gxh3 Nxh3+ 19. Kf1 Qf5 20. f4 Nxf4 21. exf4
Qxf4+ 22. Ke1 Qg3+ 23. Kf1 e3 0-1

[Event "CCM10 - GRENKE Rapid WCh"]
[Site "Mainz"]
[Date "2010.08.08"]
[Round "9"]
[White "Movsesian, S."]
[Black "Jaracz, P."]
[Result "1/2-1/2"]
[WhiteElo "2723"]
[BlackElo "2541"]
[PlyCount "100"]
[EventDate "2010.08.07"]
[EventCountry "GER"]

1. g3 d5 2. Bg2 c6 3. Nf3 Nd7 4. d3 e5 5. e4 Bd6 6. Nc3 Ne7 7. O-O O-O 8. d4
dxe4 9. Nxe4 Bc7 10. b3 Nf5 11. Ba3 Re8 12. d5 Nf6 13. Nxf6+ Qxf6 14. c4 Bd7
15. d6 Nxd6 16. Bxd6 Bxd6 17. c5 e4 18. Nd2 Be5 19. Nxe4 Qe7 20. Rc1 Rad8 21.
Re1 Bb2 22. Rb1 Bf5 23. Nd6 Qxe1+ 24. Qxe1 Rxe1+ 25. Rxe1 Be6 26. Nxb7 Rd2 27.
Bxc6 Bd4 28. Rf1 Rxa2 29. b4 Bc4 30. Rd1 Bxf2+ 31. Kh1 g6 32. Bf3 Rc2 33. Nd6
Be6 34. Ne4 Be3 35. h4 Kg7 36. Rd3 Rc1+ 37. Kh2 Rc2+ 38. Bg2 Bc1 39. Nd6 a5 40.
b5 Rxc5 41. b6 Rc2 42. b7 Rb2 43. Ne8+ Kh6 44. Nc7 Bf5 45. Rd4 Be3 46. Rc4 Bd3
47. Ra4 Bf1 48. b8=Q Rxg2+ 49. Kh1 Rg1+ 50. Kh2 Rg2+ 1/2-1/2

[Event "CCM10 - GRENKE Rapid WCh"]
[Site "Mainz"]
[Date "2010.08.08"]
[Round "10"]
[White "Grischuk, A."]
[Black "Istratescu, A."]
[Result "1-0"]
[WhiteElo "2760"]
[BlackElo "2620"]
[Annotator "Mike Rosa"]
[PlyCount "45"]
[EventDate "2010.08.07"]
[EventCountry "GER"]

1. d4 Nf6 2. c4 e6 3. g3 d5 4. Nf3 dxc4 5. Bg2 a6 6. O-O Nc6 7. e3 Bd7 8. Nc3
Bb4 9. Ne5 Bxc3 10. bxc3 Nxe5 11. dxe5 Nd5 12. Ba3 Qg5 13. Qd4 Bc6 14. h4 Qg6
15. Rfd1 f5 16. Qxc4 O-O-O 17. Qc5 Qe8 {Die Tür zum schwarzen König ist nur
einen Spalt breit geöffnet. Das genügt Grischuk.} 18. Qa7 $1 {Die Hauptdrohung
lautet nun einfach c3-c4, wogegen es kein probates Mittel gibt.} Nb6 {So kommt
Schwarz seinem Gegner zwar entgegen, aber die nun folgenden Konsequenzen
konnte er ohnehin nicht verhindern.} 19. Rxd8+ $1 Kxd8 (19... Qxd8 {ist auch
nicht besser.} 20. Bxc6 bxc6 21. Qxa6+ Kb8 (21... Kd7 22. Rd1+ $18) 22. Rb1 $18
) 20. Bxc6 bxc6 21. Rd1+ Kc8 22. Qxa6+ Kb8 23. Rb1 {Schwarz gab auf, denn
gegen Rxb6+ nebst Bd6+ gibt es keine vernünftige Verteidigung mehr.} 1-0

[Event "CCM10 - GRENKE Rapid WCh"]
[Site "Mainz"]
[Date "2010.08.08"]
[Round "10"]
[White "Gustafsson, J."]
[Black "Kasimdzhanov, R."]
[Result "1-0"]
[WhiteElo "2643"]
[BlackElo "2699"]
[PlyCount "79"]
[EventDate "2010.08.07"]
[EventCountry "GER"]

1. Nf3 Nf6 2. c4 c6 3. d4 d5 4. cxd5 cxd5 5. Nc3 Nc6 6. Bf4 a6 7. Rc1 Bf5 8. e3
Rc8 9. Ne5 Nxe5 10. dxe5 Ne4 11. Nxe4 Rxc1 12. Qxc1 Bxe4 13. e6 fxe6 14. f3 e5
15. Bxe5 Bg6 16. Qc3 Kf7 17. Be2 e6 18. O-O Bd6 19. Rc1 Re8 20. f4 Bxe5 21.
Qxe5 Qf6 22. Rc7+ Re7 23. Rxe7+ Qxe7 24. Bg4 Qf6 25. Qc7+ Qe7 26. Qc8 Be4 27.
a3 Kf6 28. Kf2 Kf7 29. g3 Kf6 30. h4 Kf7 31. Ke2 Bb1 32. Kd2 Be4 33. Kc3 a5 34.
Kd2 d4 35. exd4 Bc6 36. Qb8 Qd7 37. Qe5 g6 38. h5 Bd5 39. h6 Qb5 40. Bxe6+ 1-0

[Event "CCM10 - GRENKE Rapid WCh"]
[Site "Mainz"]
[Date "2010.08.08"]
[Round "10"]
[White "Kamsky, G."]
[Black "Gashimov, V."]
[Result "1/2-1/2"]
[WhiteElo "2713"]
[BlackElo "2719"]
[PlyCount "60"]
[EventDate "2010.08.07"]
[EventCountry "GER"]

1. e4 c5 2. Nf3 d6 3. d4 cxd4 4. Nxd4 Nf6 5. Nc3 g6 6. Be2 Bg7 7. O-O O-O 8.
Be3 Nc6 9. Qd2 Bd7 10. Rfd1 Rc8 11. f3 Ne5 12. a4 a6 13. a5 Qc7 14. Kh1 Nc4 15.
Bxc4 Qxc4 16. Nde2 Qb4 17. Qc1 Qc4 18. Nf4 Be6 19. Rd2 Rfe8 20. Nce2 Qc7 21. b3
Nd7 22. Bd4 Bh6 23. Bb2 d5 24. exd5 Bf5 25. d6 exd6 26. c4 Qc5 27. Qc3 Qe5 28.
Qb4 Qc5 29. Qc3 Qe5 30. Qb4 Qc5 1/2-1/2

[Event "CCM10 - GRENKE Rapid WCh"]
[Site "Mainz"]
[Date "2010.08.08"]
[Round "10"]
[White "Karjakin, Sergey"]
[Black "Howell, D."]
[Result "1-0"]
[WhiteElo "2747"]
[BlackElo "2616"]
[PlyCount "85"]
[EventDate "2010.08.07"]
[EventCountry "GER"]

1. e4 e5 2. Nf3 Nc6 3. Bb5 a6 4. Ba4 Nf6 5. O-O Be7 6. Re1 b5 7. Bb3 d6 8. c3
O-O 9. h3 Na5 10. Bc2 c5 11. d4 Nd7 12. dxc5 dxc5 13. b3 Qc7 14. Nbd2 Nb6 15.
Nf1 Rd8 16. Qe2 f6 17. Ne3 Be6 18. Nd2 Bf8 19. c4 Nc6 20. Nd5 Qa7 21. Bd3 Nd4
22. Qd1 Rab8 23. Nf1 Nc8 24. Bd2 Qf7 25. Ng3 Na7 26. f4 exf4 27. Bxf4 Bd6 28.
Bxd6 Rxd6 29. e5 fxe5 30. Ne4 Rxd5 31. cxd5 Bxd5 32. Ng5 Qf6 33. Bxh7+ Kh8 34.
Qh5 Qh6 35. Qg4 Nac6 36. Be4 Bg8 37. Rf1 Ne7 38. Nf7+ Bxf7 39. Rxf7 Ng8 40.
Raf1 Ne6 41. R1f5 Qe3+ 42. Kh2 Nh6 43. Rh5 1-0

[Event "CCM10 - GRENKE Rapid WCh"]
[Site "Mainz"]
[Date "2010.08.08"]
[Round "10"]
[White "Kempinski, R."]
[Black "Aronian, L."]
[Result "0-1"]
[WhiteElo "2612"]
[BlackElo "2783"]
[PlyCount "58"]
[EventDate "2010.08.07"]
[EventCountry "GER"]

1. d4 d5 2. c4 c6 3. e3 Bf5 4. Nc3 e6 5. g4 Bg6 6. Nge2 Bd6 7. Qb3 b6 8. Bg2
Ne7 9. e4 dxe4 10. Nxe4 Bc7 11. Be3 Nd7 12. O-O-O b5 13. h4 h5 14. Nf4 Bxe4 15.
Bxe4 Nf6 16. Qc2 hxg4 17. cxb5 Bxf4 18. Bxf4 Nxe4 19. Qxe4 Qd5 20. Qe5 f6 21.
Qe2 cxb5 22. b3 Qf3 23. Qxb5+ Kf7 24. Bg3 Rac8+ 25. Kb2 Rhd8 26. Qa5 Nc6 27.
Qa6 Nb4 28. Qxa7+ Kg8 29. Qb6 Qc3+ 0-1

[Event "CCM10 - GRENKE Rapid WCh"]
[Site "Mainz"]
[Date "2010.08.08"]
[Round "10"]
[White "Naiditsch, A."]
[Black "Kosteniuk, A."]
[Result "1-0"]
[WhiteElo "2684"]
[BlackElo "2519"]
[PlyCount "65"]
[EventDate "2010.08.07"]
[EventCountry "GER"]

1. e4 c5 2. Nf3 d6 3. d4 cxd4 4. Nxd4 Nf6 5. Nc3 Nc6 6. Bg5 e6 7. Qd2 a6 8.
O-O-O h6 9. Be3 Qc7 10. f3 Rb8 11. Kb1 Be7 12. g4 Ne5 13. h4 b5 14. a3 Nfd7 15.
g5 Nb6 16. gxh6 gxh6 17. Qg2 Nbc4 18. Bxc4 Qxc4 19. Nb3 Qc7 20. Qg7 Rf8 21.
Bxh6 a5 22. f4 Nc4 23. f5 b4 24. f6 bxc3 25. fxe7 Qxe7 26. Qxc3 Qc7 27. Bxf8
Kxf8 28. Qh8+ Ke7 29. Rhf1 Ne5 30. Qf6+ Ke8 31. Rg1 Rb5 32. Rg8+ Kd7 33. Rd8+
1-0

[Event "CCM10 - GRENKE Rapid WCh"]
[Site "Mainz"]
[Date "2010.08.08"]
[Round "10"]
[White "Shirov, A."]
[Black "Berczes, D."]
[Result "1-0"]
[WhiteElo "2749"]
[BlackElo "2551"]
[PlyCount "47"]
[EventDate "2010.08.07"]
[EventCountry "GER"]

1. e4 c6 2. d4 d5 3. e5 c5 4. dxc5 e6 5. Qg4 Nd7 6. Nf3 Qc7 7. Bb5 Qxc5 8. Nc3
Ne7 9. Bd3 a6 10. h4 Nc6 11. Qg3 Qa5 12. O-O h5 13. Bd2 Qc7 14. Bf4 Nc5 15.
Nxd5 exd5 16. e6 Qe7 17. exf7+ Kxf7 18. Rfe1 Qf6 19. Ng5+ Kg8 20. Re8 Nxd3 21.
Bd6 Nf4 22. Bxf8 Ne2+ 23. Kh2 Qg6 24. Qe3 1-0

[Event "CCM10 - GRENKE Rapid WCh"]
[Site "Mainz"]
[Date "2010.08.08"]
[Round "10"]
[White "Sumets, A."]
[Black "Bareev, E."]
[Result "0-1"]
[WhiteElo "2618"]
[BlackElo "2663"]
[PlyCount "104"]
[EventDate "2010.08.07"]
[EventCountry "GER"]

1. d4 d5 2. c4 c6 3. Nc3 Nf6 4. e3 a6 5. Nf3 b5 6. b3 Bg4 7. Be2 e6 8. O-O Nbd7
9. h3 Bf5 10. Bd3 Bg6 11. Bb2 Be7 12. Bxg6 hxg6 13. Ne5 Rc8 14. Qe2 Nxe5 15.
dxe5 Nd7 16. Rfd1 O-O 17. cxd5 cxd5 18. e4 d4 19. Rxd4 Qc7 20. Rc1 Nxe5 21.
Rdd1 Qb8 22. Nb1 Rxc1 23. Rxc1 Rd8 24. Rd1 Nc6 25. Rxd8+ Qxd8 26. Qd2 Qc7 27.
Nc3 Bf6 28. Ne2 Bxb2 29. Qxb2 Qd6 30. Qc1 g5 31. a4 f6 32. axb5 axb5 33. Qe3
Na5 34. Nd4 b4 35. g3 Qc5 36. Qd3 Kf7 37. Nf3 Ke7 38. e5 f5 39. Kg2 g4 40. hxg4
fxg4 41. Ne1 Qxe5 42. Nc2 Qc3 43. Qxc3 bxc3 44. b4 Nc6 45. Kf1 Kd6 46. Ke2 Ne5
47. Ne3 Kc6 48. Kd1 Kb5 49. Kc2 Kxb4 50. Ng2 Nf3 51. Nf4 Kc4 52. Nxe6 Nd4+ 0-1

[Event "CCM10 - GRENKE Rapid WCh"]
[Site "Mainz"]
[Date "2010.08.08"]
[Round "10"]
[White "Szabo, Krisz1"]
[Black "Movsesian, S."]
[Result "1/2-1/2"]
[WhiteElo "2523"]
[BlackElo "2723"]
[PlyCount "138"]
[EventDate "2010.08.07"]
[EventCountry "GER"]

1. e4 c5 2. Nf3 e6 3. d4 cxd4 4. Nxd4 Nf6 5. Nc3 d6 6. Be3 Be7 7. g4 h6 8. h4
Nc6 9. Rg1 d5 10. exd5 Nxd5 11. Nxd5 exd5 12. Qe2 Qa5+ 13. c3 Be6 14. g5 Nxd4
15. Bxd4 hxg5 16. hxg5 Rh4 17. Qb5+ Qxb5 18. Bxb5+ Kf8 19. Be2 Bd6 20. Kd2 Bf4+
21. Be3 Bxe3+ 22. fxe3 Ke7 23. Bf3 Rah8 24. Rg2 Kd6 25. a3 Ke5 26. Rag1 b6 27.
Ke1 Rh2 28. Kf2 Rxg2+ 29. Rxg2 Rh1 30. Kg3 Re1 31. Rd2 a5 32. Kf2 Rb1 33. Kg3
Rg1+ 34. Bg2 Re1 35. Bf3 Rb1 36. Bg2 Ra1 37. Bf3 Rc1 38. Bg2 b5 39. Kf2 b4 40.
cxb4 axb4 41. axb4 Rc4 42. Bf3 Rxb4 43. Kg3 g6 44. Kf2 Rb8 45. Kg3 Rb5 46. Kf2
Bf5 47. Kg3 Be4 48. Bxe4 Kxe4 49. Rf2 Rb7 50. Rf3 Re7 51. Kf2 Rc7 52. Rf4+ Ke5
53. b4 Ke6 54. Kf3 Rc1 55. Rf6+ Ke7 56. Rb6 Rf1+ 57. Kg4 Rf2 58. b5 Kd7 59. Kg3
Rf1 60. Kg4 Rf2 61. Kg3 Rf5 62. Kg4 Re5 63. Kf4 Re4+ 64. Kf3 Rb4 65. Rf6 Ke7
66. b6 d4 67. exd4 Rxd4 68. Rc6 Rb4 69. Kg3 Kd7 1/2-1/2

[Event "CCM10 - GRENKE Rapid WCh"]
[Site "Mainz"]
[Date "2010.08.08"]
[Round "10"]
[White "Zvjaginsev, V."]
[Black "Bologan, V."]
[Result "1-0"]
[WhiteElo "2656"]
[BlackElo "2695"]
[PlyCount "71"]
[EventDate "2010.08.07"]
[EventCountry "GER"]

1. e4 g6 2. d4 Bg7 3. Nc3 c6 4. Be3 Qb6 5. a3 Nf6 6. Be2 d5 7. e5 Ne4 8. Nf3
Bg4 9. Nxe4 dxe4 10. Ng5 Bxe2 11. Qxe2 c5 12. O-O-O O-O 13. Nxe4 cxd4 14. Bxd4
Qe6 15. Kb1 Nc6 16. f4 f6 17. Nc5 Nxd4 18. Rxd4 Qc6 19. Qc4+ Kh8 20. Ne6 Qxg2
21. Rhd1 fxe5 22. fxe5 Rg8 23. Nxg7 Kxg7 24. Qe6 Rge8 25. Rd7 Kf8 26. Rxe7 Rxe7
27. Qf6+ Kg8 28. Qxe7 Rf8 29. Qe6+ Kh8 30. Rd7 Qxh2 31. Qe7 Qh6 32. e6 Kg8 33.
Ka2 b5 34. Rd8 Qf4 35. Qxf8+ Qxf8 36. e7 1-0

[Event "CCM10 - GRENKE Rapid WCh"]
[Site "Mainz"]
[Date "2010.08.08"]
[Round "11"]
[White "Bareev, E."]
[Black "Gustafsson, J."]
[Result "1-0"]
[WhiteElo "2663"]
[BlackElo "2643"]
[PlyCount "97"]
[EventDate "2010.08.07"]
[EventCountry "GER"]

1. d4 d5 2. c4 c6 3. Nf3 Nf6 4. e3 Bg4 5. h3 Bxf3 6. Qxf3 e6 7. Nc3 Nbd7 8. Bd2
Bb4 9. Bd3 O-O 10. a3 Bxc3 11. Bxc3 c5 12. cxd5 Nxd5 13. O-O Rc8 14. Rfd1 Qe7
15. Be1 cxd4 16. Qe4 N5f6 17. Qxd4 Nc5 18. Bc2 Rfd8 19. Qh4 h6 20. Bc3 b6 21.
f3 Nd5 22. Qxe7 Nxe7 23. e4 Nc6 24. Kf2 e5 25. Rxd8+ Rxd8 26. Rd1 Rxd1 27. Bxd1
Kf8 28. Ke3 Ne6 29. g3 g5 30. Bb3 Ke7 31. Bd5 Ned4 32. f4 f6 33. h4 Kd6 34.
fxg5 fxg5 35. hxg5 hxg5 36. Bxc6 Nxc6 37. Kf3 Nd4+ 38. Kg4 Ne2 39. Be1 Ke6 40.
Kxg5 Nc1 41. Bc3 Nd3 42. Kg4 a5 43. b4 axb4 44. axb4 Nf2+ 45. Kf3 Nh3 46. Bd2
Kf6 47. Be3 Ng5+ 48. Bxg5+ Kxg5 49. g4 1-0

[Event "CCM10 - GRENKE Rapid WCh"]
[Site "Mainz"]
[Date "2010.08.08"]
[Round "11"]
[White "Bologan, V."]
[Black "Szabo, Krisz1"]
[Result "1-0"]
[WhiteElo "2695"]
[BlackElo "2523"]
[PlyCount "63"]
[EventDate "2010.08.07"]
[EventCountry "GER"]

1. e4 e5 2. Nf3 Nc6 3. Bc4 Bc5 4. c3 Nf6 5. d3 a6 6. Nbd2 d6 7. Bb3 h6 8. Nf1
O-O 9. h3 d5 10. exd5 Nxd5 11. Ng3 Ba7 12. O-O Re8 13. Re1 Nf6 14. Bc2 Qd6 15.
b4 Nd5 16. Ne4 Qd8 17. Bd2 Be6 18. a4 f5 19. Ng3 f4 20. Ne4 Bf5 21. b5 Nb8 22.
d4 exd4 23. cxd4 Nd7 24. Bb3 c6 25. Nd6 Rxe1+ 26. Qxe1 Qf6 27. Nxb7 Kh8 28. Rc1
axb5 29. axb5 Bxd4 30. Rxc6 Ra1 31. Rxf6 Rxe1+ 32. Bxe1 1-0

[Event "CCM10 - GRENKE Rapid WCh"]
[Site "Mainz"]
[Date "2010.08.08"]
[Round "11"]
[White "Gashimov, V."]
[Black "Karjakin, Sergey"]
[Result "1/2-1/2"]
[WhiteElo "2719"]
[BlackElo "2747"]
[PlyCount "59"]
[EventDate "2010.08.07"]
[EventCountry "GER"]

1. e4 e5 2. Nf3 Nc6 3. Bb5 a6 4. Ba4 Nf6 5. O-O Be7 6. Re1 b5 7. Bb3 O-O 8. h3
d6 9. c3 Re8 10. d4 Bb7 11. a4 h6 12. axb5 axb5 13. Rxa8 Bxa8 14. Na3 Qb8 15.
d5 Nd8 16. Nh2 b4 17. cxb4 Qxb4 18. Bd2 Qb8 19. Ng4 c6 20. Nxf6+ Bxf6 21. Bc3
Be7 22. Ba4 Rf8 23. dxc6 Nxc6 24. Nc4 Nd4 25. Ne3 Bxe4 26. Bxd4 exd4 27. Qxd4
Ba8 28. Nf5 Bf6 29. Qxd6 Bxb2 30. Qxb8 1/2-1/2

[Event "CCM10 - GRENKE Rapid WCh"]
[Site "Mainz"]
[Date "2010.08.08"]
[Round "11"]
[White "Grischuk, A."]
[Black "Kamsky, G."]
[Result "1/2-1/2"]
[WhiteElo "2760"]
[BlackElo "2713"]
[PlyCount "112"]
[EventDate "2010.08.07"]
[EventCountry "GER"]

1. d4 Nf6 2. c4 g6 3. Nc3 d5 4. cxd5 Nxd5 5. e4 Nxc3 6. bxc3 Bg7 7. Nf3 c5 8.
Be3 Qa5 9. Qd2 O-O 10. Rc1 cxd4 11. cxd4 Qxd2+ 12. Nxd2 e6 13. Nb3 Rd8 14. Bg5
f6 15. Be3 Nc6 16. Bb5 Nb4 17. a3 a6 18. Bc4 Nc6 19. O-O Bf8 20. a4 Kg7 21.
Rfd1 Bd7 22. d5 exd5 23. Bxd5 Be8 24. Bb6 Rd7 25. Bc5 Nd8 26. Bb6 h5 27. h3 Nc6
28. Nc5 Bxc5 29. Rxc5 Ne7 30. Rdc1 Nxd5 31. Rxd5 Rf7 32. a5 Bc6 33. Rd4 Re8 34.
f3 Ree7 35. Kf2 Rd7 36. Ke3 Rxd4 37. Bxd4 Rd7 38. Rc5 Kf7 39. g4 hxg4 40. hxg4
Re7 41. Bb2 Re8 42. Bc3 Rd8 43. g5 f5 44. exf5 Rd5 45. Rxd5 Bxd5 46. f6 Bc6 47.
f4 Bd7 48. Kd4 Bf5 49. Kd5 Bc2 50. Kd6 Bf5 51. Bd2 Be4 52. Kc7 Ke6 53. Be3 Kf7
54. Kc8 Ke6 55. f5+ Bxf5 56. Kxb7 Bd3 1/2-1/2

[Event "CCM10 - GRENKE Rapid WCh"]
[Site "Mainz"]
[Date "2010.08.08"]
[Round "11"]
[White "Heimann, An"]
[Black "Kempinski, R."]
[Result "0-1"]
[WhiteElo "2469"]
[BlackElo "2612"]
[PlyCount "121"]
[EventDate "2010.08.07"]
[EventCountry "GER"]

1. Nf3 Nf6 2. c4 g6 3. Nc3 Bg7 4. e4 O-O 5. d4 c6 6. Be2 d5 7. e5 Ne4 8. O-O
Nxc3 9. bxc3 dxc4 10. Bxc4 c5 11. h3 Nc6 12. Re1 cxd4 13. cxd4 Na5 14. Bd3 Be6
15. Be4 Bd5 16. Qe2 Rc8 17. Bg5 Nc6 18. Rab1 h6 19. Bf4 e6 20. Qe3 Bxe4 21.
Qxe4 b6 22. Rbd1 Ne7 23. Nh2 Qd5 24. Qe2 Nf5 25. Ng4 Rfd8 26. Qd2 Rc4 27. Ne3
Nxe3 28. Bxe3 Ra4 29. Bxh6 Rxd4 30. Qxd4 Qxd4 31. Rxd4 Rxd4 32. Bg5 Kf8 33. f4
Ke8 34. Rc1 Kd7 35. Rc2 Bf8 36. Kf2 Bc5 37. Ke2 Kc6 38. h4 Ra4 39. g4 Ra3 40.
h5 gxh5 41. gxh5 Rh3 42. h6 Kd5 43. Rd2+ Ke4 44. Kd1 Be3 45. Rd7 a5 46. Kc2 a4
47. Rxf7 Bd4 48. h7 Rh2+ 49. Kb1 Kd3 50. f5 exf5 51. Rd7 Rb2+ 52. Kc1 Rc2+ 53.
Kb1 Rb2+ 54. Kc1 Rc2+ 55. Kb1 Rb2+ 56. Kc1 Rc2+ 57. Kb1 Rb2+ 58. Kc1 Rh2 59.
Rxd4+ Kxd4 60. e6 Rxh7 61. e7 0-1

[Event "CCM10 - GRENKE Rapid WCh"]
[Site "Mainz"]
[Date "2010.08.08"]
[Round "11"]
[White "Jaracz, P."]
[Black "Naiditsch, A."]
[Result "0-1"]
[WhiteElo "2541"]
[BlackElo "2684"]
[PlyCount "86"]
[EventDate "2010.08.07"]
[EventCountry "GER"]

1. e4 c5 2. Nf3 d6 3. c3 Nf6 4. Be2 Bd7 5. d3 Nc6 6. O-O e5 7. Na3 Be7 8. Re1
O-O 9. Bf1 Re8 10. g3 h6 11. Bg2 Bf8 12. Nc2 b5 13. Nh4 a5 14. a4 bxa4 15. Ne3
Na7 16. Nc4 Nc8 17. h3 Nb6 18. Ne3 g6 19. Nf3 Rc8 20. c4 Na8 21. Bd2 Qb6 22.
Bc3 Nc7 23. Qd2 Ra8 24. Nh2 Bg7 25. Nd5 Ncxd5 26. exd5 Nh5 27. Bf3 Qd8 28. Bxh5
gxh5 29. h4 Qf6 30. f4 Qg6 31. fxe5 Bxe5 32. Bxe5 dxe5 33. Qe3 Rab8 34. Re2 Rb3
35. Ra3 Bf5 36. Qxc5 Bxd3 37. Re3 Rxa3 38. bxa3 Rb8 39. d6 Rb1+ 40. Kf2 Qf5+
41. Nf3 Rb2+ 42. Ke1 Bxc4 43. Nd2 Qc2 0-1

[Event "CCM10 - GRENKE Rapid WCh"]
[Site "Mainz"]
[Date "2010.08.08"]
[Round "11"]
[White "Milov, L."]
[Black "Shirov, A."]
[Result "0-1"]
[WhiteElo "2562"]
[BlackElo "2749"]
[PlyCount "112"]
[EventDate "2010.08.07"]
[EventCountry "GER"]

1. e4 c5 2. Nf3 Nc6 3. d4 cxd4 4. Nxd4 Nf6 5. Nc3 e5 6. Ndb5 d6 7. Bg5 a6 8.
Na3 b5 9. Bxf6 gxf6 10. Nd5 Bg7 11. Bd3 Ne7 12. Nxe7 Qxe7 13. c4 f5 14. O-O O-O
15. Qh5 Rb8 16. Rae1 fxe4 17. Bxe4 f5 18. Bd5+ Be6 19. Rd1 e4 20. b3 Bxd5 21.
Rxd5 f4 22. cxb5 e3 23. Qe2 axb5 24. Nxb5 Be5 25. Nd4 Qf7 26. Qf3 exf2+ 27.
Rxf2 Rbc8 28. Qe4 Qa7 29. h3 Rfe8 30. Rxf4 Kh8 31. Kh1 Rc1+ 32. Kh2 Qa8 33. Ne2
Bxf4+ 34. Qxf4 Qxd5 35. Nxc1 Qe5 36. Nd3 Qxf4+ 37. Nxf4 Ra8 38. a4 Rb8 39. Kg3
Rxb3+ 40. Kg4 Kg7 41. Kf5 Kf7 42. g4 Ra3 43. h4 Rxa4 44. g5 Ra5+ 45. Ke4 Re5+
46. Kd4 Kg7 47. Nd5 Kg6 48. Ne3 Rxe3 49. Kxe3 Kh5 50. Kf4 Kxh4 51. Kf5 Kh5 52.
Ke6 Kxg5 53. Kxd6 h5 54. Ke5 h4 55. Ke4 Kg4 56. Ke3 Kg3 0-1